00457nam a22001457a 450000500170000000800410001702000170005804000290007505000230010410000190012724500340014626000500018030000100023065000710024020260618124511.0260618b |||||||| |||| 00| 0 eng d a0-59043372-5 cChuka University Library aLB 1576 bL86 1998 aLunsford Susan aLiterature Based Mini Lessons aNew YorkbScholastic professional booksc1998 a128p. 2English Language...composition and exercise.... study and teaching